01468cam 22002895a 45000010009000000050017000090080041000269060045000679250042001129550173001540350023003270400018003500100017003680200015003850500028004000820016004282450057004442600055005013000033005565000032005895040051006215050407006726500035010796500014011147000016011280990034011441266052520020424084917.0010803s2001 enka b 001 0 eng d a7bcbcccopycatd2encipf20gy-gencatlg0 aacquireb1 shelf copyxpolicy default anb05 2002-01-29 to ASCD for processingajf00 2002-03-08djf02 2002-03-12 to sl;cjf03 2002-03-14 to SLdjf02 2002-03-15 to slejf12 2002-03-19 to Deweyaaa05 2002-04-24 a(OCoLC)ocm47708800 aOCCdOCCcDLC a 2002327978 a186100451600aQA76.76.H94b.P767 200100a005.7/222100aProfessional XML meta data /cKal Ahmed ... [et al.] aBirmingham, UK ; Chicago, IL :bWrox Press,c2001. aix, 567 p. :bill. ;c23 cm. a"Programmer to programmer." aIncludes bibliographical references and index.0 aWhy meta data? Why XML? -- XML schemas -- XML linking and querying -- RDF model and syntax -- RDF schema -- Parsing RDF -- Topic maps and XTM -- Meta data architectures -- Processing techniques for meta data -- Further topic map/RDF developments -- Exposing relation databases -- Data validation and mining with schematron -- Process descriptions -- Inferencing systems -- Advanced meta data use cases. 0aXML (Document markup language) 0aMetadata.1 aAhmed, Kal. aahmed-professional-1071339754